UNIX shell programming (Record no. 141763)

MARC details
000 -LEADER
fixed length control field 00365nam a2200145Ia 4500
008 - FIXED-LENGTH DATA ELEMENTS--GENERAL INFORMATION
fixed length control field 230917s9999||||xx |||||||||||||| ||und||
040 ## - CATALOGING SOURCE
-- 115122
Original cataloging agency VIVEKANANDA LIBRARY
041 ## - Language
-- English
082 ## - DDC NUMBER
Classification number 005.432 K13U
100 ## - MAIN ENTRY--PERSONAL NAME
Personal name Kanetkar, Yashavant P
245 #0 - TITLE STATEMENT
Title UNIX shell programming
260 ## - PUBLICATION, DISTRIBUTION, ETC. (IMPRINT)
Place of publication, distribution, etc New Delhi
Name of publisher, distributor, etc BPB Publications
Date of publication, distribution, etc 2006
300 ## - PHYSICAL DESCRIPTION
Pages xv, 486 p.
942 ## - ADDED ENTRY ELEMENTS (KOHA)
Koha item type Books
Holdings
Withdrawn status Lost status Damaged status Not for loan Location (home branch) Sublocation or collection (holding branch) Shelving location Date acquired Koha issues (times borrowed) Koha full call number Accession No. Koha date last seen Koha item type
        VIVEKANANDA LIBRARY VIVEKANANDA LIBRARY UIET Library 28/04/2008   005.432 K13U 249162 17/09/2023 Books
        VIVEKANANDA LIBRARY VIVEKANANDA LIBRARY UIET Library 28/04/2008   005.432 K13U 249163 17/09/2023 Books
        VIVEKANANDA LIBRARY VIVEKANANDA LIBRARY UIET Library 28/04/2008 2 005.432 K13U 249164 18/02/2026 Books
        VIVEKANANDA LIBRARY VIVEKANANDA LIBRARY UIET Library 28/04/2008   005.432 K13U 249165 17/09/2023 Books
        VIVEKANANDA LIBRARY VIVEKANANDA LIBRARY UIET Library 28/04/2008   005.432 K13U 249166 17/09/2023 Books
        VIVEKANANDA LIBRARY VIVEKANANDA LIBRARY UIET Library 28/04/2008   005.432 K13U 249167 17/09/2023 Books
        VIVEKANANDA LIBRARY VIVEKANANDA LIBRARY UIET Library 28/04/2008   005.432 K13U 249168 17/09/2023 Books
        VIVEKANANDA LIBRARY VIVEKANANDA LIBRARY UIET Library 28/04/2008   005.432 K13U 249169 17/09/2023 Books
        VIVEKANANDA LIBRARY VIVEKANANDA LIBRARY UIET Library 28/04/2008   005.432 K13U 249170 17/09/2023 Books
        VIVEKANANDA LIBRARY VIVEKANANDA LIBRARY UIET Library 28/04/2008   005.432 K13U 249171 17/09/2023 Books
        VIVEKANANDA LIBRARY VIVEKANANDA LIBRARY UIET Library 28/04/2008   005.432 K13U 249172 17/09/2023 Books
        VIVEKANANDA LIBRARY VIVEKANANDA LIBRARY UIET Library 28/04/2008   005.432 K13U 249173 17/09/2023 Books
© Designed and Maintained by Vivekananda Library, MDU Rohtak